[Event "HCL-E1502"]
[Site "www.playchess.de"]
[Date "2006.02.08"]
[Round "24"]
[White "Tarrega"]
[Black "PLAYCHESS1963"]
[WhiteElo "1509"]
[BlackElo "1728"]
[PlyCount "85"]
[Result "1-0"]

1.e4 c5 2.Nc3 Nc6 3.g3 d6 4.Bg2 Nf6 5.d3 g6 6.Be3 
Bg7 7.h3 O-O 8.Qd2 Re8 9.f4 a6 10.a4 Rb8 11.Nf3 
Qc7 12.O-O Nb4 13.d4 cxd4 14.Bxd4 Be6 15.Rac1 Nc6 
16.Bf2 Rbc8 17.Rfe1 Na5 18.Ng5 Bd7 19.e5 Nc4 
20.Qe2 Nh5 21.Nd5 Qa5 22.b3 e6 23.Nf6+ Nxf6 
24.exf6 Bxf6 25.bxc4 Bc6 26.Ne4 Be7 27.Ng5 Bxg5 
28.fxg5 Qxg5 29.Bxc6 Rxc6 30.Rcb1 Re7 31.Rb3 e5 
32.Qe4 Rcc7 33.Rb6 Red7 34.Rd1 Qe7 35.Qd5 Kg7 
36.g4 f5 37.gxf5 gxf5 38.Kh2 Qf7 39.Qg2+ Qg6 
40.Qf3 Qe6 41.c5 e4 42.Qg3+ Qg6 
43.Qf4 1-0

[Event "HCL-B3836"]
[Site "www.playchess.de"]
[Date "2006.02.08"]
[Round "18"]
[White "Akkarin"]
[Black "willi_weizenkeim"]
[WhiteElo "1351"]
[BlackElo "1034"]
[PlyCount "73"]
[Result "1-0"]

1.d3 {Hello from Imardin, Kyralia}  e6 {hi from 
cologne, germany, pls give me geographical data of 
kyrilia}  2.Nd2 {It is a land from a fantasy 
trilogy. See http://www.trudicanavan.com/tbmt.htm} 
 b6 {so where do u really live ?}  3.e4 {See the 
flag: The Netherlands}  g6 {so its europe, not the 
netherlands anthilles ? .-)}  4.c3 {Of course. 
Europe. Just next to Germany.}  Bg7 5.Ngf3 Ne7 {zo 
u sprekt duits ?! :-)}  6.Qc2 {Ich spreche ein 
wenig Deutsch. Aber das ist viel schweriger als 
Englisch.

Ein wenig besser war:
Dus u spreekt duits?
wenn du erlaubt.
}  Bb7 {ja, kein problem, wenn du mich verbesserst 
:-)}  7.Be2 O-O 8.O-O f5 9.e5 d6 10.exd6 Qxd6 
11.d4 Nd7 12.Nc4 Qc6 13.Bg5 h6 14.Bxe7 Rf7 15.Ba3 
b5 16.Ne3 g5 17.Rad1 Nf6 18.Ne5 Qe4 19.Qxe4 Nxe4 
20.Nxf7 Kxf7 21.Bf3 Rd8 22.Bxe4 Bxe4 23.b3 f4 
24.Ng4 h5 25.Ne5+ Bxe5 26.dxe5 Rxd1 27.Rxd1 c6 
28.Rd7+ Kg6 29.Rxa7 Kf5 30.Bd6 g4 31.a4 h4 32.axb5 
cxb5 33.c4 bxc4 34.bxc4 f3 35.gxf3 Bxf3 36.c5 Ke4 
37.c6 1-0

[Event "HCL-C4120"]
[Site "www.playchess.de"]
[Date "2006.02.08"]
[Round "17"]
[White "cxstevec"]
[Black "Skipper_Robert"]
[WhiteElo "1276"]
[BlackElo "991"]
[PlyCount "93"]
[Result "1-0"]

1.e4 {Hi, have a nice game}  e5 {Hello!}  2.Nf3 
Nc6 3.Bb5 {HI, Have a Nice game}  Bc5 {you too, 
thanks}  4.O-O d6 5.h3 Bd7 6.c3 Qf6 7.b4 Bb6 8.a4 
g5 9.Nh2 Nge7 10.a5 Nxa5 11.bxa5 Bxb5 12.d3 Bc5 
13.c4 Bc6 14.Nc3 a6 15.Na4 Ng6 16.Nxc5 dxc5 17.Be3 
b6 18.Qd2 h6 19.Ng4 Qe6 20.Qb2 f5 21.exf5 Qxf5 
22.Qc3 h5 23.Nxe5 Bxg2 24.Kxg2 O-O-O 25.Nxg6 Qxg6 
26.axb6 cxb6 27.Rxa6 Rhe8 28.d4 h4 29.d5 g4 30.Kh2 
g3+ 31.Kg2 Ref8 32.f3 Rf6 33.Ra8+ Kd7 34.Rxd8+ 
Kxd8 35.Qe5 Qc2+ 36.Bf2 gxf2 37.Qxf6+ Kc8 38.Qe6+ 
Kd8 39.Qf6+ Kc8 40.Qxh4 Qg6+ 41.Qg4+ Qxg4+ 42.fxg4 
Kb7 43.Rxf2 Ka6 44.Rf6 Ka5 45.Rc6 Kb4 46.Rxb6+ 
Kxc4 47.d6 1-0

[Event "HCL-B3785"]
[Site "www.playchess.de"]
[Date "2006.02.08"]
[Round "11"]
[White "handrej68"]
[Black "mrchess"]
[WhiteElo "1437"]
[BlackElo "1440"]
[PlyCount "59"]
[Result "1-0"]

1.d4 d5 2.Bg5 g6 3.Nf3 Bg7 4.e3 Nf6 5.c4 c6 6.Nc3 
e6 7.Ne5 O-O 8.f4 Nbd7 9.h4 h6 10.Bxf6 Nxf6 11.g4 
Nh7 12.Qd3 Bxe5 13.dxe5 a6 14.h5 Qe8 15.O-O-O b5 
16.hxg6 fxg6 17.Rxh6 Kg7 18.g5 Ra7 19.Qc2 Rg8 
20.Bd3 bxc4 21.Bxg6 Qe7 22.Rxh7+ Kf8 23.Rxe7 Kxe7 
24.Rh1 Kd8 25.Rh7 Rxh7 26.Bxh7 Rg7 27.Qh2 c5 
28.Qh6 Re7 29.Qf8+ Re8 30.Qd6+ 1-0

[Event "HCL-E1561"]
[Site "www.playchess.de"]
[Date "2006.02.08"]
[Round "14"]
[White "ippuli"]
[Black "mrchess"]
[WhiteElo "1579"]
[BlackElo "1418"]
[PlyCount "55"]
[Result "1-0"]

1.e4 {Hi again! Good luck....}  c5 {thanks you 
too}  2.Nc3 Nc6 3.Nf3 d6 4.Bc4 Bg4 5.Bxf7+ Kd7 
6.h3 Bxf3 7.Qxf3 Nf6 8.Nb5 Qb6 9.a4 Nb4 10.O-O 
Nxc2 11.Rb1 e6 12.Bh5 a6 13.Nc3 Nd4 14.Qf4 Nxh5 
15.Qf7+ Be7 16.Qxh5 g6 17.Qg4 Raf8 18.Nd5 Qd8 
19.b4 Kc6 20.b5+ axb5 21.axb5+ Nxb5 22.Qxe6 Rfe8 
23.Nxe7+ Rxe7 24.Qd5+ Kb6 25.Rxb5+ Kxb5 26.Ba3 Ka6 
27.Ra1 c4 28.Bxd6+ {28... Kb6 29.Qc5X or 28... Qa5 
29.Qxa5X Thank you....}  1-0

[Event "HCL-E1526"]
[Site "www.playchess.de"]
[Date "2006.02.08"]
[Round "9"]
[White "PLAYCHESS1963"]
[Black "BohdanL"]
[WhiteElo "1725"]
[BlackElo "1466"]
[PlyCount "59"]
[Result "1-0"]

1.e4 g6 2.d4 Bg7 3.c4 d6 4.Be3 c5 5.dxc5 Bxb2 {3d 
time in raw you open this diagonal. In previous 
game i made mistake and game went wrong but i 
think it is not good move.
Wish you a Happy New Year and all the best in 
coming 2006!!!}  6.Nd2 {To you too. This move is 
from book...old one...}  Bxa1 {thank you for your 
messege}  7.Qxa1 {you are welcome}  Nf6 8.cxd6 
Qxd6 9.e5 Qc6 10.exf6 Qxf6 {seems you are right, 
early Bxb2 give me problems}  11.Bd4 Qe6+ 12.Be2 
O-O 13.Ngf3 Nc6 14.Be3 Qf6 15.Qxf6 exf6 16.Ne4 f5 
17.Nf6+ Kg7 18.Nd5 a5 19.Nc7 Rb8 20.Nd4 Bd7 21.O-O 
Rbc8 22.Nd5 Ne5 23.Nb6 Rcd8 24.Bg5 f6 25.Nxd7 Nxd7 
26.Ne6+ Kf7 27.Nxd8+ Rxd8 28.Be3 Ne5 29.Rb1 Rd2 
30.Bxd2 1-0

[Event "HCL-B3819"]
[Site "www.playchess.de"]
[Date "2006.02.08"]
[Round "15"]
[White "Snillie"]
[Black "Alex77"]
[WhiteElo "1479"]
[BlackElo "1396"]
[PlyCount "97"]
[Result "1-0"]

1.c4 Nf6 2.g3 g6 3.Bg2 Bg7 4.Nc3 Nc6 5.d3 e6 6.Nf3 
O-O 7.O-O d5 8.cxd5 exd5 9.Bg5 Re8 10.Re1 a6 
11.Rc1 Qd6 12.Qb3 Ne7 13.Na4 b5 14.Nc5 Nd7 15.Bf4 
Nxc5 16.Qc2 Qb6 17.Qxc5 Qxc5 18.Rxc5 c6 19.Rec1 
Bxb2 20.R1c2 Bg7 21.Nd2 h6 22.Nb3 Bd7 23.Na5 g5 
24.Be3 Rac8 25.Nb7 Nf5 26.Bh3 Nxe3 27.Bxd7 Nxc2 
28.Bxe8 Nd4 29.Bxf7+ Kf8 30.Kf1 Rc7 31.Nd6 Rxf7 
32.Nxf7 Kxf7 33.e3 Ne6 34.Rxc6 a5 35.Rb6 Nc7 36.f4 
Ke7 37.e4 dxe4 38.dxe4 gxf4 39.gxf4 Kd7 40.Ke2 b4 
41.Kd3 h5 42.Rg6 Bf8 43.f5 a4 44.Rb6 Bd6 45.h3 Ke7 
46.Kc4 h4 47.f6+ Ke6 48.f7 Ke5 
49.Rxd6 1-0

[Event "HCL-B3855"]
[Site "www.playchess.de"]
[Date "2006.02.08"]
[Round "10"]
[White "a137"]
[Black "Korto"]
[WhiteElo "1200"]
[BlackElo "1231"]
[PlyCount "42"]
[Result "0-1"]

1.e4 e5 2.Nf3 d6 3.d4 Bg4 4.dxe5 Bxf3 5.Qxf3 dxe5 
6.Bc4 Nf6 7.O-O Be7 8.Be3 Nbd7 9.Nc3 c6 10.Rac1 
O-O 11.Qg3 g6 12.Bh6 Re8 13.Be2 Nc5 14.Qxe5 Bd6 
15.Qd4 Ncxe4 16.Bd3 c5 17.Qc4 Nd2 18.Qh4 Nxf1 
19.Rxf1 Be5 20.Ne4 Nxe4 21.Bxe4 Qxh4 {??} 
 0-1

[Event "HCL-C4146"]
[Site "www.playchess.de"]
[Date "2006.02.08"]
[Round "5"]
[White "nichju"]
[Black "Skipper_Robert"]
[WhiteElo "1125"]
[BlackElo "986"]
[PlyCount "107"]
[Result "1-0"]

1.e4 {Hallo, auf ein Neues und viel Glück}  e5 
{für Dich auch}  2.Nf3 Nc6 3.Bc4 Bc5 4.c3 Nf6 5.b4 
b5 6.Bxb5 Nxe4 7.bxc5 Nxc5 8.Bxc6 dxc6 9.Nxe5 Bd7 
10.d4 Ne4 11.O-O Bf5 12.Qf3 Qf6 13.Nd2 Nxd2 
14.Bxd2 O-O 15.Nxc6 Rfe8 16.Rae1 a6 17.Rxe8+ Rxe8 
18.Qg3 Qxc6 19.Re1 Rxe1+ 20.Bxe1 h6 21.Qf4 Be6 
22.a3 Qa4 23.Qxc7 Qxa3 24.Qd8+ Kh7 25.Qe8 a5 26.f4 
a4 27.f5 Qa1 28.Kf1 Bd5 29.Qe5 Bc6 30.f6 gxf6 
31.Qxf6 Qa2 32.Qxc6 h5 33.Qe4+ Kg8 34.Qe8+ Kg7 
35.Qe5+ Kf8 36.Qh8+ Ke7 37.Qxh5 Qa1 38.Qe5+ Kf8 
39.Qh8+ Ke7 40.h4 a3 41.Qe5+ Kd7 42.Qf5+ Ke8 43.h5 
a2 44.Qe5+ Kf8 45.Qd6+ Kg8 46.Qd8+ Kh7 47.Qf8 Qb1 
48.Qxf7+ Kh8 49.Qf8+ Kh7 50.Qf7+ Kh6 51.Qf6+ Kxh5 
52.Qh8+ Kg5 53.Qg7+ Kh5 54.g4+ 1-0

[Event "HCL-B3845"]
[Site "www.playchess.de"]
[Date "2006.02.08"]
[Round "18"]
[White "IRONMAIDEN"]
[Black "spencer"]
[WhiteElo "1268"]
[BlackElo "996"]
[PlyCount "35"]
[Result "1-0"]

1.d4 {Hello!}  e6 {good luck}  2.e4 Qf6 3.Nf3 h6 
4.e5 Qf5 5.Bd3 Qh5 6.O-O g5 7.Nfd2 d6 8.Qxh5 c5 
9.dxc5 dxe5 10.Nb3 Ne7 11.Bb5+ Bd7 12.Bxd7+ Nxd7 
13.Bxg5 Ng6 14.Be3 Nf6 15.Qe2 Rg8 16.Qb5+ Kd8 
17.Rd1+ Ke7 18.Qxb7+ 1-0

[Event "HCL-C4154"]
[Site "www.playchess.de"]
[Date "2006.02.08"]
[Round "10"]
[White "Skipper_Robert"]
[Black "Veltliner"]
[WhiteElo "999"]
[BlackElo "800"]
[PlyCount "46"]
[Result "0-1"]

1.d4 e6 2.Nf3 Nf6 3.e3 Be7 4.Nc3 O-O 5.Bd3 d6 6.h3 
c6 7.e4 Nfd7 8.Qe2 h6 9.Be3 a5 10.h4 b5 11.g4 Na6 
12.g5 h5 13.e5 g6 14.Be4 d5 15.Bd3 Nb4 16.Bd2 
Nxd3+ 17.Qxd3 Ba6 18.Qf1 Bb4 19.Qg2 Bxc3 20.Bxc3 
b4 21.Bd2 Qb6 22.c3 Qb5 23.b3 Qe2+ 0-1

[Event "HCL-C3985"]
[Site "www.playchess.de"]
[Date "2006.02.08"]
[Round "1"]
[White "ronan48"]
[Black "Milosforman"]
[WhiteElo "959"]
[BlackElo "1006"]
[PlyCount "83"]
[Result "1-0"]

1.e4 {Hello !}  Nc6 2.Nc3 e5 3.Nf3 f6 4.d3 d6 5.a3 
Nge7 6.h4 Bg4 7.Be2 Bxf3 8.Bxf3 Nc8 9.b4 a5 10.b5 
Nd4 11.Bb2 c6 12.bxc6 Nxc6 13.Nd5 N8e7 14.O-O Nd4 
15.Bxd4 exd4 16.c4 Nxd5 17.exd5 f5 18.Re1+ Be7 
19.Re6 {Happy New Year !!!}  O-O 20.a4 f4 21.Rb1 
Bxh4 22.Rxb7 Rf6 23.Bg4 Rg6 24.Rxg6 hxg6 25.Rd7 
Qg5 26.Rxd6 Kh7 27.Qf3 Re8 28.Re6 Rxe6 29.dxe6 Qe7 
30.Qxf4 Qg5 31.Qxg5 Bxg5 32.c5 Bd8 33.c6 Kg8 34.e7 
Bxe7 35.c7 Kf7 {nice}  36.c8Q {thx !}  Kf6 37.Qc6+ 
Kg5 38.f3 Kf4 39.Qe4+ Kg5 40.Qxe7+ Kf4 41.Kh2 g5 
42.Qe4+ 1-0

[Event "HCL-A2505"]
[Site "www.playchess.de"]
[Date "2006.02.08"]
[Round "11"]
[White "cabe"]
[Black "Jule"]
[WhiteElo "1415"]
[BlackElo "1416"]
[PlyCount "103"]
[Result "1-0"]

1.e4 e6 2.d4 c5 3.Nf3 cxd4 4.Nxd4 Nc6 5.Nc3 Bc5 
6.Nb3 Bxf2+ 7.Kxf2 Qf6+ 8.Qf3 Qxf3+ 9.gxf3 Nf6 
10.Rg1 O-O 11.Bg2 b6 12.Bg5 Nh5 13.a3 Ba6 14.Rad1 
f6 15.Be3 Rad8 16.a4 f5 17.Bg5 Nf6 18.Bxf6 Rxf6 
19.exf5 Rxf5 20.Nd4 Nxd4 21.Rxd4 Bb7 22.Nb5 d5 
23.Nxa7 {Happy Newyear!}  e5 {thanks. likewise a 
happy new year}  24.Rb4 Rd6 25.a5 d4 26.Rxb6 Rxb6 
27.axb6 e4 28.Rd1 exf3 29.Bh3 Rf4 30.Be6+ Kf8 
31.Nb5 Rh4 32.Kg3 g5 33.Rxd4 Bc6 34.Rxh4 gxh4+ 
35.Kxh4 Ke7 36.Bc4 Kd7 37.Kg3 Kc8 38.Nd6+ Kb8 
39.Nf5 Kb7 40.Nd4 Be4 41.Bd3 Bxd3 42.cxd3 Kxb6 
43.Kxf3 Kc5 44.Ke4 Kd6 45.Nf5+ Ke6 46.Nd4+ Kd7 
47.Kf4 Ke8 48.Kg5 Kf7 49.Kh6 Kg8 50.b4 Kh8 51.b5 
Kg8 52.b6 1-0

[Event "HCL-C4130"]
[Site "www.playchess.de"]
[Date "2006.02.08"]
[Round "20"]
[White "Skipper_Robert"]
[Black "newplayer"]
[WhiteElo "986"]
[BlackElo "1088"]
[PlyCount "79"]
[Result "1-0"]

1.d4 d5 {ahoi skipper wieder da viel glueck}  
2.Nc3 {ebenfalls}  e6 3.Nf3 Bb4 4.Bd2 Bxc3 5.Bxc3 
Nf6 6.Ne5 O-O 7.e3 Ne4 8.Bb4 Re8 9.Bd3 Qf6 10.Bxe4 
dxe4 11.c4 b6 12.Qa4 Qd8 13.O-O Nd7 14.Nc6 Qf6 
15.c5 bxc5 16.Bc3 Nb6 17.Qb5 Bd7 18.Qxc5 Na4 
19.Qc4 Nb6 20.Qc5 Na4 21.Qc4 Bxc6 22.Qxc6 Nxc3 
23.bxc3 Rac8 24.Rad1 Red8 25.Qxe4 Rcb8 26.Rdb1 Qe7 
27.f4 f5 28.Qf3 Qa3 29.Qc6 Qxa2 30.Qxc7 Rbc8 
31.Qe5 Kf7 32.h3 Rxc3 33.Rb7+ Ke8 34.Qb5+ Kf8 {hab 
loch im schiff}  35.Qb4+ {Sieht so aus}  Kg8 
36.Qe7 Qxg2+ 37.Kxg2 Rc2+ 38.Kg1 Rg2+ {glug glug}  
39.Kxg2 {mayday! mayday! mayday!}  Rxd4 {:-(}  
40.Qe8+ {tschüss, bis bald mal wieder!} 
 1-0

[Event "HCL-E1561"]
[Site "www.playchess.de"]
[Date "2006.02.08"]
[Round "12"]
[White "ippuli"]
[Black "scylla"]
[WhiteElo "1579"]
[BlackElo "1523"]
[PlyCount "27"]
[Result "1-0"]

1.e4 {Hello! Good luck...}  c5 {hello}  2.d4 cxd4 
3.c3 d6 4.Bc4 Nf6 5.Qe2 Nc6 6.Nf3 Bg4 7.O-O Ne5 
8.Nxe5 dxe5 9.Bb5+ Nd7 10.Qxg4 {Wrong move... (Bd7 
was better)}  e6 11.cxd4 exd4 12.Bg5 f6 13.Qxe6+ 
Be7 14.Bd2 1-0

[Event "HCL-E1519"]
[Site "www.playchess.de"]
[Date "2006.02.08"]
[Round "12"]
[White "PLAYCHESS1963"]
[Black "scylla"]
[WhiteElo "1761"]
[BlackElo "1455"]
[PlyCount "93"]
[Result "1-0"]

1.e4 c5 2.Nf3 d6 3.d4 cxd4 4.Nxd4 Nf6 5.Nc3 g6 
6.Bc4 Bg7 7.f3 O-O 8.Be3 Nc6 9.Qd2 Ne5 10.Bb3 a6 
11.h4 Qc7 12.O-O-O Nc4 13.Bxc4 Qxc4 14.g4 Bxg4 
15.fxg4 Nxg4 16.Bg1 Bh6 17.h5 Bxd2+ 18.Rxd2 b5 
19.Nd5 Qxa2 20.Nb3 Rae8 21.Nc3 Qxb3 22.cxb3 Rec8 
23.Kd1 Ne5 24.hxg6 fxg6 25.Nd5 Rf7 26.Rf2 Rxf2 
27.Bxf2 Rf8 28.Nxe7+ Kg7 29.Bd4 Rf7 30.Nc6 h5 
31.Nxe5 dxe5 32.Bxe5+ Kh6 33.Bc3 Re7 34.e5 a5 
35.Bxa5 Rxe5 36.Bc3 Rf5 37.Re1 Rd5+ 38.Ke2 h4 
39.Kf3 g5 40.Kg4 b4 41.Re6+ Kh7 42.Re5 Rxe5 
43.Bxe5 Kg6 44.Bd6 Kf6 45.Bxb4 Ke5 46.Be7 Kd4 
47.Bxg5 1-0

[Event "HCL-B3878"]
[Site "www.playchess.de"]
[Date "2006.02.08"]
[Round "7"]
[White "IRONMAIDEN"]
[Black "Sporang"]
[WhiteElo "1185"]
[BlackElo "993"]
[PlyCount "67"]
[Result "1-0"]

1.d4 {Hello!}  d5 {hi and good luck!}  2.Nf3 Nc6 
3.Bf4 g6 4.e3 a6 5.Be2 Bg7 6.O-O Nf6 7.Nc3 O-O 
8.Bd3 Re8 9.Ne5 Nxe5 10.Bxe5 Nd7 11.Bxg7 Kxg7 
12.Nxd5 e5 13.Qd2 c6 14.Nc3 Nf6 15.Ne4 Nxe4 
16.Bxe4 exd4 17.Bd3 dxe3 18.fxe3 Be6 19.Rf2 Qg5 
20.e4 Qxd2 21.Rxd2 Rad8 22.b3 b5 23.b4 Bc4 24.Kf2 
Re7 25.Rdd1 Red7 26.Ke2 Kf6 27.Rdf1+ Ke5 28.Rfd1 
Kd4 29.a3 {very nice picture indeed}  Kc3 {nice 
picture?}  30.g4 {yes, nice picture, how the 
figures are standing against each other}  Bxd3+ 
{oh yes, this is a nice game!}  31.cxd3 R7xd3 
32.Rac1+ {your King is quite busy}  Kb2 33.Rcb1+ 
Kc2 {yeah, why not use it?}  34.Rdc1+ {right} 
 1-0

[Event "HCL-C4142"]
[Site "www.playchess.de"]
[Date "2006.02.08"]
[Round "2"]
[White "mane_twice"]
[Black "Skipper_Robert"]
[WhiteElo "1241"]
[BlackElo "983"]
[PlyCount "39"]
[Result "1-0"]

1.d4 d5 2.Nf3 Nf6 3.c4 dxc4 4.Nc3 Be6 5.e4 Nc6 
6.d5 Bxd5 7.exd5 Nb4 8.Qa4+ Qd7 9.Qxb4 Nxd5 
10.Qxc4 c6 11.Be2 f6 12.O-O e5 13.Bd2 O-O-O 
14.Nxd5 b5 15.Qb3 Bc5 16.Ba5 Rde8 17.Rad1 cxd5 
18.Rxd5 Qc6 19.Bxb5 Qe6 20.Rxc5+ 1-0

[Event "HCL-M887"]
[Site "www.playchess.de"]
[Date "2006.02.08"]
[Round "3"]
[White "Tapiwa"]
[Black "TealBeatle"]
[WhiteElo "1938"]
[BlackElo "1937"]
[PlyCount "41"]
[Result "1-0"]

1.e4 e6 2.d4 d5 3.e5 c5 4.Nf3 Nc6 5.Be2 Nxd4 
6.Nxd4 cxd4 7.Qxd4 Ne7 8.O-O Nf5 9.Qf4 Be7 10.Rd1 
Qc7 11.Nc3 O-O 12.Bd3 f6 13.exf6 Bd6 14.Qg4 Rxf6 
15.Nb5 Bxh2+ 16.Kh1 Qb8 17.g3 e5 18.Qg5 a6 19.Nc3 
Rh6 20.Qd8+ Kf7 21.Bxh6 {Well, well, well!} 
 1-0

[Event "HCL-E1567"]
[Site "www.playchess.de"]
[Date "2006.02.08"]
[Round "8"]
[White "Matu"]
[Black "Maccdavid"]
[WhiteElo "1511"]
[BlackElo "1628"]
[PlyCount "48"]
[Result "1-0"]

1.e4 e5 2.Nf3 Nc6 3.Bc4 Nf6 4.Ng5 d5 5.exd5 Na5 
6.Bb5+ c6 7.dxc6 bxc6 8.Qf3 Rb8 9.Bxc6+ Nxc6 
10.Qxc6+ Nd7 11.Ne4 Bb7 12.Qa4 f5 13.Nec3 Bxg2 
14.Rg1 Bf3 15.d4 Rb4 16.Qxa7 Rxd4 17.Be3 Rb4 
18.Nd2 Rb7 19.Qa6 Nb8 20.Qe6+ Re7 21.Qxf5 Bc6 
22.Qh5+ Kd7 23.Nc4 Qc7 24.Rd1+ 
Kc8 1-0

[Event "HCL-E1553"]
[Site "www.playchess.de"]
[Date "2006.02.08"]
[Round "10"]
[White "yannick"]
[Black "Jule"]
[WhiteElo "1584"]
[BlackElo "1374"]
[PlyCount "107"]
[Result "1-0"]

1.b4 {hi,good tournament}  Nf6 {Hi, good luck to 
this game}  2.Bb2 d5 3.e3 e5 4.Bxe5 Nc6 5.Bb5 Bxb4 
6.Bxc6+ bxc6 7.Nf3 Ba6 8.Nd4 Bb5 9.a4 Qe7 10.f4 
Ba6 11.Nxc6 Qc5 12.Nxb4 Qxb4 13.Bxc7 O-O 14.Be5 
Ne4 15.Qg4 g6 16.f5 f6 17.Bc3 Qe7 18.fxg6 hxg6 
19.Qxg6+ Kh8 20.Qh5+ Kg7 21.Bd4 Rac8 22.c3 Bc4 
23.Na3 Bd3 24.Qxd5 Rfd8 25.Qf5 Nc5 26.Qg4+ Kf8 
27.Qh4 Rc6 28.Qh6+ Ke8 29.Qh5+ Kd7 30.Nb5 a6 
31.Qd5+ Rd6 32.Nxd6 Qxd6 33.Qxc5 Qxc5 34.Bxc5 f5 
35.O-O-O Rb8 36.Bb4 a5 37.Rhe1 axb4 38.Kb2 b3 
39.a5 Bc2 40.Rda1 Kc6 41.a6 Ra8 42.Ra5 Kb6 43.Rea1 
Ra7 44.d4 Kc6 45.c4 Kd6 46.Kc3 Ke6 47.Rb5 Kf6 
48.Rb7 Rxa6 49.Rxa6+ Kg5 50.Rab6 Be4 51.Rg7+ 
{sorry I see mat in  3 moves}  Kh5 {It could be 
right}  52.Rh7+ {sure}  Kg5 {Not longer}  53.h4+ 
{yes one move}  Kg4 {All right.}  54.Rg6+ {thanks 
for this game}  1-0

[Event "HCL-M843"]
[Site "www.playchess.de"]
[Date "2006.02.08"]
[Round "6"]
[White "BanzayFish"]
[Black "Charles_Allen"]
[WhiteElo "1874"]
[BlackElo "1876"]
[PlyCount "74"]
[Result "1/2-1/2"]

1.Nf3 {greetings & best of luck}  d5 {Looking 
forward to an interesting game.}  2.d4 {:P) i am 
very sure we are able too}  Nf6 3.Bf4 c5 4.dxc5 
Nc6 5.e3 e6 6.Nbd2 Bxc5 7.Bd3 Qe7 8.Nb3 Bb6 9.Ne5 
O-O 10.Qf3 Bc7 11.Nxc6 bxc6 12.Bxc7 Qxc7 13.Qg3 e5 
14.O-O c5 15.c4 Ba6 16.Rac1 Rfd8 17.Rfe1 Rab8 
18.cxd5 Bxd3 19.Nxc5 Bg6 20.Ne6 Qxc1 21.Rxc1 fxe6 
22.Qxe5 exd5 23.Rc7 d4 24.exd4 Rde8 25.Qa5 Rxb2 
26.h3 Ree2 27.Qa4 Rbxa2 28.Qc4+ Kh8 29.Qc5 Re1+ 
30.Kh2 Re8 31.f3 a6 32.Ra7 Bd3 33.Kg1 {(offering 
draw)}  Bb5 {It's an interesting position, I'd 
like to play on.}  34.Rf7 {ok, be my guest.}  Kg8 
35.Qc7 Nh5 36.Re7 Rxe7 37.Qxe7 Re2 {(offering 
draw) I don't see how to make progress, and you 
seem to have perpetuals in many lines.  
Interesting game, the initial sac was completely 
unexpected.}  1/2-1/2

[Event "HCL-E1534"]
[Site "www.playchess.de"]
[Date "2006.02.08"]
[Round "3"]
[White "oyetola"]
[Black "temple"]
[WhiteElo "1481"]
[BlackElo "1727"]
[PlyCount "50"]
[Result "0-1"]

1.e4 e5 2.d4 exd4 3.Qxd4 Nc6 4.Qc4 Nf6 5.Bg5 d6 
6.Nc3 Be7 7.O-O-O a6 8.Nf3 Be6 9.Nd5 Nxd5 10.Bxe7 
Ndxe7 11.Qc3 f6 12.h4 Qd7 13.Kb1 O-O-O 14.Bc4 Bxc4 
15.Qxc4 Ne5 16.Nxe5 fxe5 17.Rd3 Nc6 18.Rhd1 Rhf8 
19.f3 Nd4 20.c3 Ne6 21.R3xd6 Qxd6 22.Rxd6 Rxd6 
23.Kc2 Rfd8 24.g3 b5 25.Qb3 R6d2+ 0-1

[Event "HCL-B3786"]
[Site "www.playchess.de"]
[Date "2006.02.08"]
[Round "3"]
[White "Gorky"]
[Black "Andron_Tr"]
[WhiteElo "1200"]
[BlackElo "1200"]
[PlyCount "46"]
[Result "0-1"]

1.e4 e5 2.Nf3 Nc6 3.Bc4 Nf6 4.d3 Bc5 5.Bg5 h6 
6.Bh4 d6 7.Nc3 g5 8.Bg3 Bg4 9.Qe2 Nd4 10.Qd2 Bxf3 
11.Nb5 Bxg2 12.Rg1 Nf3+ 13.Ke2 Nxd2 14.Kxd2 Bf3 
15.c3 c6 16.b4 Bb6 17.h3 cxb5 18.Bxb5+ Kf8 19.h4 
Ng4 20.Rgh1 Qf6 21.a4 Bxh1 22.Rxh1 Bxf2 23.hxg5 
Qxg5+ 0-1

[Event "HCL-E1480"]
[Site "www.playchess.de"]
[Date "2006.02.08"]
[Round "19"]
[White "Wernswig"]
[Black "alldrix"]
[WhiteElo "1419"]
[BlackElo "1723"]
[PlyCount "110"]
[Result "0-1"]

1.e4 {hi, have a nice game}  e6 {likewise :)}  
2.f4 d5 3.Nc3 dxe4 4.Nxe4 Nf6 5.Nc3 Bc5 6.Nf3 O-O 
7.d4 Bb6 8.Be3 Nd5 9.Nxd5 exd5 10.Bd3 h6 11.O-O 
Re8 12.Bf2 Bg4 13.Be2 Nd7 14.c3 Nf6 15.Ne5 Bxe2 
16.Qxe2 Nd7 17.Qg4 Nf6 18.Qg3 Ne4 19.Qe3 Qd6 
20.Bg3 f6 21.Ng4 h5 22.Nf2 f5 23.Nxe4 Rxe4 24.Qf3 
g6 25.Bh4 Rae8 26.Rae1 {happy new year}  c5 
27.dxc5 Bxc5+ {for you too!}  28.Kh1 Qe6 29.Rxe4 
fxe4 30.Qe2 a6 31.f5 gxf5 32.Qxh5 Rf8 33.Qg5+ Kh8 
34.Qh5+ Kg7 35.Bg3 Be3 36.Bf2 Bxf2 37.Rxf2 Qg6 
38.Qe2 Qg5 39.h3 f4 40.b3 e3 41.Rf3 Qe5 42.c4 d4 
43.Kg1 Qe4 44.Rf1 Rf6 45.Rd1 f3 46.gxf3 Rxf3 
47.Qg2+ Kf6 48.Rxd4 Qb1+ 49.Kh2 Rf2 50.Rd6+ Ke7 
51.Rg6 Rxg2+ 52.Rxg2 Qe4 53.Kg1 e2 54.h4 e1Q+ 
55.Kh2 Q4xh4+ 0-1

[Event "HCL-C3917"]
[Site "www.playchess.de"]
[Date "2006.02.08"]
[Round "6"]
[White "schachsky"]
[Black "zemljanin"]
[WhiteElo "1184"]
[BlackElo "1461"]
[PlyCount "92"]
[Result "1-0"]

1.e4 {Hello again,have a nice game!}  c5 2.Nf3 b6 
3.Bb5 a6 4.Bc4 Bb7 5.Nc3 e6 6.d4 d5 7.exd5 exd5 
8.Be2 cxd4 9.Nxd4 Bc5 10.Be3 Ne7 11.O-O O-O 12.Qd2 
b5 13.Nb3 Bxe3 14.fxe3 b4 15.Nd1 a5 16.a4 Na6 
17.c4 Nc7 18.Nd4 Ne6 19.b3 dxc4 20.Bxc4 Nxd4 
21.exd4 Nd5 22.Ne3 Qg5 23.Bxd5 Bxd5 24.Rf5 Qxf5 
25.Nxf5 {??}  Bxb3 {didn't look good...}  26.Qg5 
{that's always a pitty}  g6 {yes like you in other 
game...}  27.Ne7+ {in other gameS ... -:), not 
only against you .....
best wishes for 2006!}  Kg7 {but in this one you 
are good so happy new year hear... 
:-)
}  28.Qe5+ {-:)}  f6 29.Qc7 Rf7 30.Qc6 Ra7 31.Nd5 
Rad7 32.Nxf6 Rxd4 33.Rf1 Bc4 34.Ne8+ Kg8 35.Rxf7 
Bxf7 36.Nf6+ Kg7 37.Ne4 Rd5 {i don't have much 
chance here...}  38.Nf2 {I hope you don't , 
otherwise I better play checkers or something else 
... -:)}  Rd2 39.Qc1 Ra2 40.Nd3 b3 {(offering 
draw)}  41.Qc3+ {You've said you haven't much 
chance; so I think I ought to try to prove this 
.... -:)}  Kh6 {i can't find a move in our other 
game...still thinking..}  42.Qf6 {I think there 
are alot of moves, but the right one is another 
thing .... -:)}  Be8 43.Qf8+ Kg5 {that's it I 
supose...}  44.Qxe8 b2 45.Qe5+ Kh6 46.Nxb2 
Ra1+ 1-0

[Event "HCL-E1570"]
[Site "www.playchess.de"]
[Date "2006.02.08"]
[Round "13"]
[White "Jule"]
[Black "alldrix"]
[WhiteElo "1413"]
[BlackElo "1624"]
[PlyCount "88"]
[Result "0-1"]

1.c4 e6 2.d4 f5 3.Nf3 Nf6 4.e3 Be7 5.Bd3 O-O 6.O-O 
c6 7.Nbd2 d5 8.cxd5 cxd5 9.h3 Nc6 10.a3 Ne4 11.Nb3 
Bd7 12.Bxe4 fxe4 13.Ne5 Nxe5 14.dxe5 Ba4 15.Bd2 
Qb6 16.Bb4 Bxb4 17.axb4 Qxb4 18.Ra3 Rfc8 19.Qd4 
Rc4 20.Qd2 Bxb3 21.Qxb4 Rxb4 22.Rc1 Rc4 23.Rc3 
Rxc3 24.bxc3 Bc4 25.f3 exf3 26.gxf3 b5 27.Kg2 a5 
28.Kg3 a4 29.e4 dxe4 30.fxe4 Rd8 31.Kf4 Rd3 32.h4 
g6 33.Kg4 h5+ 34.Kf4 Kg7 35.Kg5 Rg3+ 36.Kf4 Rg4+ 
37.Ke3 Rxh4 38.Kd4 g5 39.Ra1 Rf4 40.Rg1 Kg6 41.Rg3 
a3 42.Rg1 a2 43.Ke3 Rf1 44.Rxf1 
Bxf1 0-1

[Event "HCL-B3868"]
[Site "www.playchess.de"]
[Date "2006.02.08"]
[Round "9"]
[White "nico21"]
[Black "sundfar"]
[WhiteElo "1510"]
[BlackElo "1373"]
[PlyCount "57"]
[Result "1-0"]

1.e4 c5 2.Nf3 e6 3.d4 d5 4.Nc3 dxe4 5.Nxe4 cxd4 
6.Nxd4 e5 7.Nf3 Qxd1+ 8.Kxd1 f5 9.Nc3 e4 10.Nd5 
Bd6 11.Nd4 Ne7 12.Bc4 Nxd5 13.Bxd5 Bc5 14.Nxf5 Rf8 
15.Nxg7+ Ke7 16.Bg5+ Kd6 17.Bxe4 Rxf2 18.Bf3 Nd7 
19.Bh4 Ne5 20.Bxf2 Bxf2 21.Ke2 Bc5 22.Nh5 Bg4 
23.Bxg4 Nxg4 24.h3 Re8+ 25.Kf3 Ne5+ 26.Kg3 Rg8+ 
27.Kh2 Kc6 28.Rhe1 Bd6 29.Kh1 1-0